Bienvenido a nuestro catálago, Biblioteca Universidad Monteávila

Mons. Josemaría Escrivá De Balaguer (Registro nro. 13375)

Detalles MARC
000 -CABECERA
campo de control de longitud fija 02517nam a2200253 4500
003 - IDENTIFICADOR DEL NÚMERO DE CONTROL
campo de control vecauma
005 - FECHA Y HORA DE LA ÚLTIMA TRANSACCIÓN
campo de control 20260415142053.0
007 - CAMPO FIJO DE DESCRIPCIÓN FÍSICA--INFORMACIÓN GENERAL
campo de control de longitud fija ta
008 - DATOS DE LONGITUD FIJA--INFORMACIÓN GENERAL
campo de control de longitud fija 260415b ve ||||| |||| 00| 0 spa d
020 ## - ISBN
Número Internacional Estándar del Libro 8432118850
040 ## - FUENTE DE LA CATALOGACIÓN
Centro catalogador/agencia de origen vecauma
Lengua de catalogación spa
Centro/agencia transcriptor vecauma
Centro/agencia modificador vecauma
Normas de descripción rda
041 ## - CÓDIGO DE LENGUA
Código de lengua del recurso spa
100 1# - AUTOR PERSONAL
Término indicativo de función/relación autor
245 1# - MENCIÓN DE TÍTULO
Título Mons. Josemaría Escrivá De Balaguer
Resto del título Apuntes sobre la vida del fundador del OPUS DEI
Mención de responsabilidad, etc. / Salvador Bernal
264 ## - PRODUCCIÓN, PUBLICACIÓN, DISTRIBUCIÓN, FABRICACIÓN Y COPYRIGHT
Producción, publicación, distribución, fabricación y copyright Madrid:
Nombre del de productor, editor, distribuidor, fabricante Ediciones Rialp, S.A.;
Fecha de producción, publicación, distribución, fabricación o copyright 1976.
300 ## - DESCRIPCIÓN FÍSICA
Extensión 323 páginas.
336 ## - TIPO DE CONTENIDO
Término de tipo de contenido texto
Código de tipo de contenido txt
Fuente rdacontenido
337 ## - TIPO DE MEDIO
Nombre/término del tipo de medio no mediado
Código del tipo de medio n
Fuente rdamedio
338 ## - TIPO DE SOPORTE
Nombre/término del tipo de soporte volumen
Código del tipo de soporte nc
Fuente rdasoporte
505 0# - NOTA DE CONTENIDO CON FORMATO
Nota de contenido con formato Una familia cristiana /<br/>Vocación al sacerdocio /<br/>La fundación del OPUS DEI /<br/>Tiempo de amigos /<br/>Corazón universal /<br/>El resello de la filiación divina /<br/>Las horas de la esperanza /<br/>La libertad de los hijos de Dios /<br/>Padre de familia numerosa /
520 3# - SUMARIO, ETC.
Sumario, etc. Salvador Bernal, Segovia. 1941 Doctor en Derecho por la Universidad de Barcelona (1968). periodista por la Escuela Oficial de Madrid (1969), profesor de la Universidad de Zaragoza (1965), colaborador de diversos periódicos y revistas españoles, director de Agencia Central de Prensa (Ace- prensa), desde 1970.<br/><br/>El 26 de junio de 1975, al filo del mediodía, falleció en Roma el Fundador y primer Presidente General del Opus Dei. Mons. Josemaría Escrivá de Balaguer (Barbastro, 1902). Desde entonces, prensa, radio y televisión de todo el mundo han difundido rasgos de su personalidad y de su actividad incesante en servicio de la Iglesia y de las almas. Se ha acrecentado así el interés de la opinión pública por su persona, y por la Obra que fundó en Madrid el 2 de octubre de 1928.<br/><br/>Han alcanzado ya amplísima difusión libros del Fundador del Opus Dei como Camino, Santo Rosario, Conversaciones con Mons. Escrivá de Balaguer, Es Cristo que pasa. Miles de personas han tenido, además, oportunidad de apreciar el calor humano y la riqueza espiritual de su predicación, en conversaciones directas, en Homilías editadas en muchos idiomas, en las imágenes filmadas de su catequesis por medio mundo.<br/><br/>Al publicar estos Apuntes sobre la vida del Fundador del Opus Dei, su autor se propone tan sólo dar a conocer un poco más la gran personalidad de Mons. Escrivá de Balaguer, que gustaba de pasar inadvertido, según el lema de su vida: ocultarme y desaparecer es lo mío, que sólo Jesús se luzca.<br/>
942 #1 - ELEMENTOS DE ENTRADA AGREGADA (KOHA)
Fuente del sistema de clasificación o colocación Library of Congress Classification
Ocultar en OPAC No
Tipo de ítem Koha Libros
Existencias
Estado de retiro Estado de pérdida Fuente del sistema de clasificación o colocación Estado dañado No para préstamo Código de colección Localización permanente Ubicación/localización actual Ubicación en estantería Fecha de adquisición Número de inventario Total de préstamos Código de barras Fecha visto por última vez Precio válido a partir de Tipo de ítem Koha
    Library of Congress Classification     Colección general Biblioteca Universidad Monteávila Biblioteca Universidad Monteávila Colección general 15/04/2026 5419   2026-0515 15/04/2026 15/04/2026 Libros

Copyright @ UMA Library
Universidad Monteávila Caracas, Venezuela

Edif. Sede principal Universidad Monteávila. Av. El Buen Pastor. Boleíta Norte. Caracas. 
Customized by Universidad Monteávila

Con tecnología Koha